000 006250000a22001810004500
003 MACL
005 20160514130142.0
008 160514b xxu||||| |||| 00| 0 eng d
040 _aMACL
_cMACL
041 _aHindi
082 _a891.433
100 _4डॉ गोयनका, कमल किशोर
245 _aप्रेमचंद की अप्राप्‍य कहानियां
_cडॉ कमल किशोर गोयनका
260 _aदिल्‍ली
_bअनिल प्रकाशन
_c2011
350 _a300
650 _aStories
_957005
942 _cHIN
_k891.433/GOY/S
_2ddc
999 _c46922
_d46922